000 00305nam a22001337a 4500
008 170926b xxu||||| |||| 00| 0 eng d
020 _a9780673460325
041 _aeng
080 _23RD
_a37
100 _a46
101 _aEDU
245 _aEFFICIENT AND FLEXIBLE READING
_cWHORTER,K,T
942 _2udc
_cBK
999 _c29868
_d29868